000 00388nam a2200145 a 4500
005 20140513081050.0
008 020906s19uu xx 00 eng d
020 _a1-919744-20-7
050 _aP 784.19
_bMUS 2000
245 _aMusical instruments.
260 _aJohannesburg, South Africa :
_bThe Chart Studio (Pty) Ltd,
_c2000.
300 _aPoster
650 _aTitle
999 _c116261
_d116261